<?xml version="1.0" encoding="UTF-8"?>
<record
    xmlns:xsi="http://www.w3.org/2001/XMLSchema-instance"
    xsi:schemaLocation="http://www.loc.gov/MARC21/slim http://www.loc.gov/standards/marcxml/schema/MARC21slim.xsd"
    xmlns="http://www.loc.gov/MARC21/slim">

  <leader>04820cam a2200421 i 4500</leader>
  <controlfield tag="001">ocn733232274</controlfield>
  <controlfield tag="003">EG-ScBUE</controlfield>
  <controlfield tag="005">20240321092239.0</controlfield>
  <controlfield tag="008">110623t2012    ua abe f b    001 0 eng d</controlfield>
  <datafield tag="020" ind1=" " ind2=" ">
    <subfield code="a">9789774164781</subfield>
  </datafield>
  <datafield tag="020" ind1=" " ind2=" ">
    <subfield code="a">9774164784</subfield>
  </datafield>
  <datafield tag="035" ind1=" " ind2=" ">
    <subfield code="a">(OCoLC)ocn733232274</subfield>
  </datafield>
  <datafield tag="035" ind1=" " ind2=" ">
    <subfield code="a">(OCoLC)733232274</subfield>
  </datafield>
  <datafield tag="040" ind1=" " ind2=" ">
    <subfield code="a">BTCTA</subfield>
    <subfield code="b">eng</subfield>
    <subfield code="e">rda</subfield>
    <subfield code="c">BTCTA</subfield>
    <subfield code="d">ERASA</subfield>
    <subfield code="d">BDX</subfield>
    <subfield code="d">YDXCP</subfield>
    <subfield code="d">GZN</subfield>
    <subfield code="d">YAM</subfield>
    <subfield code="d">CDX</subfield>
    <subfield code="d">IUL</subfield>
    <subfield code="d">PAU</subfield>
    <subfield code="d">IUL</subfield>
    <subfield code="d">EG-ScBUE</subfield>
  </datafield>
  <datafield tag="043" ind1=" " ind2=" ">
    <subfield code="a">fh-----</subfield>
    <subfield code="a">f-ua---</subfield>
    <subfield code="a">f-sj---</subfield>
  </datafield>
  <datafield tag="082" ind1="0" ind2="4">
    <subfield code="a">939.78</subfield>
    <subfield code="b">ANC</subfield>
    <subfield code="2">22</subfield>
  </datafield>
  <datafield tag="245" ind1="0" ind2="0">
    <subfield code="a">Ancient Nubia :</subfield>
    <subfield code="b">African kingdoms on the Nile /</subfield>
    <subfield code="c">edited by Marjorie M. Fisher [and three others] ; with photographs by Chester Higgins Jr.</subfield>
  </datafield>
  <datafield tag="246" ind1="3" ind2="0">
    <subfield code="a">African kingdoms on the Nile</subfield>
  </datafield>
  <datafield tag="264" ind1=" " ind2="1">
    <subfield code="a">Cairo ;</subfield>
    <subfield code="a">New York :</subfield>
    <subfield code="b">The American University in Cairo Press,</subfield>
    <subfield code="c">[2012]</subfield>
  </datafield>
  <datafield tag="264" ind1=" " ind2="4">
    <subfield code="c">c2012</subfield>
  </datafield>
  <datafield tag="300" ind1=" " ind2=" ">
    <subfield code="a">xx, 452 pages :</subfield>
    <subfield code="b">illustrations (some color), color maps, plans ;</subfield>
    <subfield code="c">31 cm</subfield>
  </datafield>
  <datafield tag="336" ind1=" " ind2=" ">
    <subfield code="2">rdacontent</subfield>
    <subfield code="a">text</subfield>
    <subfield code="b">txt</subfield>
  </datafield>
  <datafield tag="337" ind1=" " ind2=" ">
    <subfield code="a">unmediated</subfield>
    <subfield code="2">rdamedia</subfield>
    <subfield code="b">n</subfield>
  </datafield>
  <datafield tag="338" ind1=" " ind2=" ">
    <subfield code="a">volume</subfield>
    <subfield code="b">nc</subfield>
    <subfield code="2">rdacarrier</subfield>
  </datafield>
  <datafield tag="500" ind1=" " ind2=" ">
    <subfield code="a">Includes glossary.</subfield>
  </datafield>
  <datafield tag="504" ind1=" " ind2=" ">
    <subfield code="a">Includes bibliographical references and index.</subfield>
  </datafield>
  <datafield tag="505" ind1="0" ind2="0">
    <subfield code="t">The land of Nubia /</subfield>
    <subfield code="r">Peter Lacovara --</subfield>
    <subfield code="t">The history of Nubia /</subfield>
    <subfield code="r">Marjorie M. Fisher --</subfield>
    <subfield code="t">The early exploration and archaeology of Nubia /</subfield>
    <subfield code="r">Peter Lacovara.</subfield>
    <subfield code="t">Sidelight: the treasure of a Nubian queen /</subfield>
    <subfield code="r">Peter Lacovara and Yvonne J. Markowitz --</subfield>
    <subfield code="t">Saving Nubia's legacy /</subfield>
    <subfield code="r">Zahi Hawass --</subfield>
    <subfield code="t">Archaeological salvage in the fourth cataract, northern Sudan (1991-2008) /</subfield>
    <subfield code="r">Geoff Emberling --</subfield>
    <subfield code="t">The art and architecture of early Nubia: the A-Group to the Kerma culture /</subfield>
    <subfield code="r">Peter Lacovara --</subfield>
    <subfield code="g">The art and architecture of Nubia during the New Kingdom: Egypt in Nubia /</subfield>
    <subfield code="r">Marjorie M. Fisher.</subfield>
    <subfield code="t">Sidelight : Akhenaten in Nubia /</subfield>
    <subfield code="r">W. Raymond Johnson --</subfield>
    <subfield code="t">The art and architecture of Kushite Nubia /</subfield>
    <subfield code="r">Peter Lacovara --</subfield>
    <subfield code="t">The art and architecture of Meroitic Nubia /</subfield>
    <subfield code="r">David O'Connor --</subfield>
    <subfield code="t">Kings and kingship in ancient Nubia /</subfield>
    <subfield code="r">Robert G. Morkot --</subfield>
    <subfield code="t">Nubian religion /</subfield>
    <subfield code="r">Janice W. Yellin --</subfield>
    <subfield code="t">Burial customs in ancient Nubia /</subfield>
    <subfield code="r">Peter Lacovara and Christian Knoblauch --</subfield>
    <subfield code="t">Texts and writing in ancient Nubia /</subfield>
    <subfield code="r">Susan K. Doll --</subfield>
    <subfield code="t">Daily life in ancient Nubia /</subfield>
    <subfield code="r">Peter Lacovara --</subfield>
    <subfield code="t">Women in ancient Nubia /</subfield>
    <subfield code="r">Joyce Haynes and Mimi Santini-Ritt --</subfield>
    <subfield code="t">Nubian adornment /</subfield>
    <subfield code="r">Yvonne J. Markowitz --</subfield>
    <subfield code="t">Nubian ceramics /</subfield>
    <subfield code="r">Christian Knoblauch and Peter Lacovara --</subfield>
    <subfield code="t">From food to furniture: animals in ancient Nubia /</subfield>
    <subfield code="r">Salima Ikram --</subfield>
    <subfield code="t">Gebel Qeili /</subfield>
    <subfield code="r">Peter Lacovara --</subfield>
    <subfield code="t">Naqa /</subfield>
    <subfield code="r">Janice W. Yellin --</subfield>
    <subfield code="t">Musawwarat al-Sufra /</subfield>
    <subfield code="r">Claudia Naser --</subfield>
    <subfield code="t">Wad ban Naqa /</subfield>
    <subfield code="r">Janice W. Yellin --</subfield>
    <subfield code="t">Al-Hobagi /</subfield>
    <subfield code="r">Janice W. Yellin --</subfield>
    <subfield code="t">Muweis /</subfield>
    <subfield code="r">Janice W. Yellin --</subfield>
    <subfield code="t">Al-Hassa /</subfield>
    <subfield code="r">Janice W. Yellin --</subfield>
    <subfield code="t">Hamadab /</subfield>
    <subfield code="r">Janice W. Yellin --</subfield>
    <subfield code="t">Meroe /</subfield>
    <subfield code="r">Janice W. Yellin --</subfield>
    <subfield code="t">Dangeil /</subfield>
    <subfield code="r">Janice W. Yellin --</subfield>
    <subfield code="t">Nuri /</subfield>
    <subfield code="r">Susan K. Doll --</subfield>
    <subfield code="t">Gebel Barkal /</subfield>
    <subfield code="r">Joyce Haynes and Mimi Santini-Ritt --</subfield>
    <subfield code="t">Al-Kurru /</subfield>
    <subfield code="r">Peter Lacovara --</subfield>
    <subfield code="t">Kawa /</subfield>
    <subfield code="r">Robert G. Morkot --</subfield>
    <subfield code="t">Tabo /</subfield>
    <subfield code="r">Robert G. Morkot --</subfield>
    <subfield code="t">Kerma /</subfield>
    <subfield code="r">Charles Bonnet --</subfield>
    <subfield code="t">Tombos /</subfield>
    <subfield code="r">Janice W. Yellin --</subfield>
    <subfield code="t">Nauri /</subfield>
    <subfield code="r">Marjorie M. Fisher --</subfield>
    <subfield code="t">Sesebi /</subfield>
    <subfield code="r">Robert G. Morkot --</subfield>
    <subfield code="t">Soleb /</subfield>
    <subfield code="r">Marjorie M. Fisher -- Sedeinga /</subfield>
    <subfield code="r">Robert G. Morkot --</subfield>
    <subfield code="t">Sai Island /</subfield>
    <subfield code="r">Janice W. Yellin --</subfield>
    <subfield code="t">Amara West /</subfield>
    <subfield code="r">Robert G. Morkot --</subfield>
    <subfield code="t">Gammai /</subfield>
    <subfield code="r">Peter Lacovara --</subfield>
    <subfield code="t">Gebel Sheikh Suleiman /</subfield>
    <subfield code="r">Christian Knoblauch --</subfield>
    <subfield code="t">Second cataract forts /</subfield>
    <subfield code="r">Bruce Williams --</subfield>
    <subfield code="t">The C-Group in Lower Nubia /</subfield>
    <subfield code="r">Claudia N&#xE4;ser --</subfield>
    <subfield code="t">Qustul /</subfield>
    <subfield code="r">Peter Lacovara --</subfield>
    <subfield code="g">Ballana /</subfield>
    <subfield code="r">Peter Lacovara and Salima Ikram --</subfield>
    <subfield code="t">Abu Simbel /</subfield>
    <subfield code="r">Marjorie M. Fisher --</subfield>
    <subfield code="t">Arminna West and Arminna East /</subfield>
    <subfield code="r">Janice W. Yellin --</subfield>
    <subfield code="t">Toshka East and Toshka West /</subfield>
    <subfield code="r">Janice W. Yellin --</subfield>
    <subfield code="t">Qasr Ibrim /</subfield>
    <subfield code="r">Pamela J. Rose --</subfield>
    <subfield code="t">Karanog /</subfield>
    <subfield code="r">Janice W. Yellin --</subfield>
    <subfield code="t">Derr /</subfield>
    <subfield code="r">Marjorie M. Fisher --</subfield>
    <subfield code="t">Amada /</subfield>
    <subfield code="r">Robert G. Morkot --</subfield>
    <subfield code="t">Wadi al-Sebua /</subfield>
    <subfield code="r">Marjorie M. Fisher --</subfield>
    <subfield code="t">Maharraqa /</subfield>
    <subfield code="r">Peter Lacovara --</subfield>
    <subfield code="t">Dakka /</subfield>
    <subfield code="r">Peter Lacovara --</subfield>
    <subfield code="t">Gerf Hussein /</subfield>
    <subfield code="r">Marjorie M. Fisher --</subfield>
    <subfield code="t">Dendur /</subfield>
    <subfield code="r">Sue D'Auria --</subfield>
    <subfield code="t">Beit al-Wali / Marjorie M. Fisher --</subfield>
    <subfield code="t">Kalabsha /</subfield>
    <subfield code="r">Peter Lacovara --</subfield>
    <subfield code="t">Taffeh /</subfield>
    <subfield code="r">Elizabeth Cummins --</subfield>
    <subfield code="t">Qertassi /</subfield>
    <subfield code="r">Peter Lacovara --</subfield>
    <subfield code="t">Debod /</subfield>
    <subfield code="r">Sue D'Auria --</subfield>
    <subfield code="t">Philae /</subfield>
    <subfield code="r">Sue D'Auria --</subfield>
    <subfield code="t">Elephantine and Aswan /</subfield>
    <subfield code="r">Salima Ikram and Christian Knoblauch.</subfield>
  </datafield>
  <datafield tag="520" ind1=" " ind2=" ">
    <subfield code="a">Nubia's remote setting has not only lent it an air of mystery, but also isolated it from exploration. This book attempts to document some of the recent discovers about ancient Nubia, with its remarkable history, architecture, and culture. By doing so, the authors of the essays give us a picture of this rich, but unfamiliar, African legacy.</subfield>
  </datafield>
  <datafield tag="651" ind1=" " ind2="7">
    <subfield code="a">Nubia</subfield>
    <subfield code="x">Antiquities.</subfield>
    <subfield code="2">BUEsh</subfield>
    <subfield code="9">9464</subfield>
  </datafield>
  <datafield tag="651" ind1=" " ind2="7">
    <subfield code="a">Nubia</subfield>
    <subfield code="x">History.</subfield>
    <subfield code="2">BUEsh</subfield>
    <subfield code="9">9465</subfield>
  </datafield>
  <datafield tag="651" ind1=" " ind2="7">
    <subfield code="a">Egypt</subfield>
    <subfield code="x">Antiquities.</subfield>
    <subfield code="2">BUEsh</subfield>
    <subfield code="9">30792</subfield>
  </datafield>
  <datafield tag="651" ind1=" " ind2="7">
    <subfield code="a">Sudan</subfield>
    <subfield code="x">Antiquities.</subfield>
    <subfield code="2">BUEsh</subfield>
  </datafield>
  <datafield tag="653" ind1=" " ind2=" ">
    <subfield code="b">GGEN</subfield>
    <subfield code="b">COMAME</subfield>
    <subfield code="b">BUSBOL</subfield>
    <subfield code="c">February2019</subfield>
  </datafield>
  <datafield tag="655" ind1=" " ind2=" ">
    <subfield code="v">Reading book</subfield>
  </datafield>
  <datafield tag="700" ind1="1" ind2=" ">
    <subfield code="a">Fisher, Marjorie M.,</subfield>
    <subfield code="e">editor.</subfield>
  </datafield>
  <datafield tag="700" ind1="1" ind2=" ">
    <subfield code="a">Higgins, Chester,</subfield>
    <subfield code="e">photographer.</subfield>
  </datafield>
  <datafield tag="942" ind1=" " ind2=" ">
    <subfield code="2">ddc</subfield>
    <subfield code="c">BB</subfield>
  </datafield>
  <datafield tag="999" ind1=" " ind2=" ">
    <subfield code="c">27194</subfield>
    <subfield code="d">27166</subfield>
  </datafield>
  <datafield tag="952" ind1=" " ind2=" ">
    <subfield code="0">0</subfield>
    <subfield code="1">0</subfield>
    <subfield code="2">ddc</subfield>
    <subfield code="4">0</subfield>
    <subfield code="7">0</subfield>
    <subfield code="8">AUC</subfield>
    <subfield code="a">MAIN</subfield>
    <subfield code="b">MAIN</subfield>
    <subfield code="c">2ND</subfield>
    <subfield code="d">2019-02-25</subfield>
    <subfield code="e">Purchase</subfield>
    <subfield code="g">600.00</subfield>
    <subfield code="h">16583</subfield>
    <subfield code="l">0</subfield>
    <subfield code="o">939.78 ANC</subfield>
    <subfield code="p">000044308</subfield>
    <subfield code="r">2026-02-10 00:00:00</subfield>
    <subfield code="v">750.00</subfield>
    <subfield code="w">2019-02-25</subfield>
    <subfield code="y">NB</subfield>
  </datafield>
</record>
